Every Billboard Radio Songs Estimates Daily #1 Song (2021) - Statistics

General Stats
  • This quiz has been taken 4 times
  • The average score is 8 of 10
Answer Stats
Artist(s) Title % Correct
Olivia Rodrigo drivers license
100%
Olivia Rodrigo good 4 u
100%
Dua Lipa Levitating
100%
The Kid LAROI / Justin Bieber STAY
100%
Ed Sheeran Bad Habits
75%
Adele Easy On Me
75%
Justin Bieber / Daniel Caesar / Giveon Peaches
75%
Bruno Mars / Anderson .Paak / Silk Sonic Leave The Door Open
50%
24kGoldn / iann dior Mood
50%
Chris Brown / Young Thug Go Crazy
25%
No matching quizzes found
Score Distribution
Percent of People with Each Score
Percentile by Number Answered
Your Score History
You have not taken this quiz